Devinez l'État Américain Mystère #23 - Statistiques

Statistiques générales
  • Ce quiz a été pris 174 fois
  • Le résultat moyen est 34 sur 39
Statistiques - réponses
Type de Réponse Réponse % Correct
Lettre Trouvée E
100%
Lettre Trouvée N
100%
Lettre de l'Alphabet O
99%
Lettre Trouvée R
99%
Lettre Trouvée S
99%
Lettre Trouvée A
97%
Lettre Trouvée I
97%
Lettre Trouvée W
96%
Lettre de l'Alphabet K
95%
Lettre de l'Alphabet L
95%
Lettre de l'Alphabet T
95%
Lettre de l'Alphabet D
94%
Lettre Trouvée M
94%
Lettre de l'Alphabet C
93%
Lettre Trouvée H
93%
Lettre de l'Alphabet Y
93%
Lettre de l'Alphabet U
92%
Lettre de l'Alphabet G
91%
Lettre de l'Alphabet X
90%
Lettre de l'Alphabet F
86%
Lettre de l'Alphabet V
86%
Lettre de l'Alphabet B
85%
Lettre de l'Alphabet J
85%
Lettre Trouvée P
83%
Lettre de l'Alphabet Q
83%
Lettre de l'Alphabet Z
80%
Lettre Bien Placée A
78%
Lettre Bien Placée E
78%
Lettre Bien Placée E
78%
Lettre Bien Placée H
78%
Lettre Bien Placée H
78%
Lettre Bien Placée I
78%
Lettre Bien Placée M
78%
Lettre Bien Placée N
78%
État Mystère New Hampshire
78%
Lettre Bien Placée P
78%
Lettre Bien Placée R
78%
Lettre Bien Placée S
78%
Lettre Bien Placée W
78%
Aucun quiz correspondant
Distribution des résultats
% des personnes avec chaque résultat
Percentile par nombre de réponses
Votre historique - résultats
Vous n’avez pas pris ce quiz